<?xml version="1.0" encoding="UTF-8"?><?xml-stylesheet type="text/xsl" href="static/style.xsl"?><OAI-PMH xmlns="http://www.openarchives.org/OAI/2.0/" xmlns:xsi="http://www.w3.org/2001/XMLSchema-instance" xsi:schemaLocation="http://www.openarchives.org/OAI/2.0/ http://www.openarchives.org/OAI/2.0/OAI-PMH.xsd"><responseDate>2026-04-17T16:57:04Z</responseDate><request verb="GetRecord" identifier="oai:www.recercat.cat:2117/446294" metadataPrefix="marc">https://recercat.cat/oai/request</request><GetRecord><record><header><identifier>oai:recercat.cat:2117/446294</identifier><datestamp>2026-02-07T09:20:12Z</datestamp><setSpec>com_2072_1033</setSpec><setSpec>col_2072_452950</setSpec></header><metadata><record xmlns="http://www.loc.gov/MARC21/slim" xmlns:dcterms="http://purl.org/dc/terms/" xmlns:xsi="http://www.w3.org/2001/XMLSchema-instance" xmlns:doc="http://www.lyncode.com/xoai" xsi:schemaLocation="http://www.loc.gov/MARC21/slim http://www.loc.gov/standards/marcxml/schema/MARC21slim.xsd">
   <leader>00925njm 22002777a 4500</leader>
   <datafield ind2=" " ind1=" " tag="042">
      <subfield code="a">dc</subfield>
   </datafield>
   <datafield ind2=" " ind1=" " tag="720">
      <subfield code="a">Jehl, Zacharie Victor Samuel Na</subfield>
      <subfield code="e">author</subfield>
   </datafield>
   <datafield ind2=" " ind1=" " tag="260">
      <subfield code="c">2025-09-04</subfield>
   </datafield>
   <datafield ind2=" " ind1=" " tag="520">
      <subfield code="a">SOLEY is a new photovoltaic device simulation package that combines the transfer matrix method for optical modeling with an extended detailed balance framework for electrical simulation. Unlike traditional drift-diffusion models, SOLEY operates with fewer input parameters while maintaining physical accuracy, and it is designed to be accessible for both research and educational purposes. The software includes several features such as native multijunction support, Schockley–Read–Hall recombination modeling with customizable pathways, batch calculation, optical stack optimization, and generation profile calculation. A validation of the model against solar cell capacitor simulator (SCAPS) demonstrates comparable results for a baseline kesterite solar cell. SOLEY is designed as a complementary tool to existing simulation software, offering rapid calculations suitable for high-throughput optimization and providing a perspective closer to thermodynamics on photovoltaic devices with a user-friendly interface. This freely distributed package is also the first one to rely mainly on an extension of the detailed balance model, and represents a counterpart to other photovoltaic modelling packages, which can be of interest for researchers of all levels of seniority.</subfield>
   </datafield>
   <datafield ind2=" " ind1=" " tag="520">
      <subfield code="a">Z.J.L.K. thanks the Spanish Ministry of Science and Innovation for the financial support in the frame of the Ayuda Ramon y Cajal Programme (grant no. RYC2021-033239-I) and EU-COST Action (grant no. CA21148).</subfield>
   </datafield>
   <datafield ind2=" " ind1=" " tag="520">
      <subfield code="a">Postprint (published version)</subfield>
   </datafield>
   <datafield tag="653" ind2=" " ind1=" ">
      <subfield code="a">Àrees temàtiques de la UPC::Energies::Energia solar fotovoltaica</subfield>
   </datafield>
   <datafield tag="653" ind2=" " ind1=" ">
      <subfield code="a">Detailed balance</subfield>
   </datafield>
   <datafield tag="653" ind2=" " ind1=" ">
      <subfield code="a">Photovoltaic</subfield>
   </datafield>
   <datafield tag="653" ind2=" " ind1=" ">
      <subfield code="a">Simulation</subfield>
   </datafield>
   <datafield tag="653" ind2=" " ind1=" ">
      <subfield code="a">Solar cell modeling</subfield>
   </datafield>
   <datafield tag="653" ind2=" " ind1=" ">
      <subfield code="a">Transfer matrix method</subfield>
   </datafield>
   <datafield ind2="0" ind1="0" tag="245">
      <subfield code="a">SOLEY: A package for optical and extended detailed balance model for photovoltaic device simulation</subfield>
   </datafield>
</record></metadata></record></GetRecord></OAI-PMH>